000 00729nam a2200265Ia 4500
001 18269
003 GE_BSU
008 181216s||||||||xx |||||||||||||| ||und||
020 _a9788484434290
040 _cGE_BSU
080 _a811.133.1
100 _aBretonnier, Marie., Godard, Emmanuel., Liria, Philippe....
245 _aLes Cles Du Nouveau Delf. B2
245 _bTout pour reussir le Delf nouvelle formule
260 _aParis
260 _bMaison de Langues
260 _c2015
300 _a177p.30cm.
300 _e+1CD
541 _h101 Gel. 20 T.
653 _aLes Cles Du Nouveau Delf
653 _aTout pour reussir le Delf nouvelle formule
653 _aფრანგული ენა
942 _cBK
999 _c51300
_d51300